000 00550nam a2200169Ia 4500
008 240729s9999 xx 000 0 und d
022 _a2476-7425
245 0 _aJournal of Nutrition and Food Security
260 _aIran, Islamic Republic of
260 _bShahid Sadoughi University of Medical Sciences and Health Services
650 _a Home economics
650 _a Nutrition. Foods and food supply
650 _aAgriculture | Technology
856 _uhttps://doaj.org/toc/bb05c4f30a8b4dacb5d8587c11eb10fe
942 _2ddc
942 _cDOAJEJ
999 _c70869
_d70869
945 _a1
_bMadushi Gamage
_c1
_dMadushi Gamage